| 000 | 00598nam a22001937a 4500 | ||
|---|---|---|---|
| 003 | OSt | ||
| 005 | 20240719112645.0 | ||
| 008 | 240719b |||||||| |||| 00| 0 eng d | ||
| 020 | _a9780321617651 | ||
| 040 |
_aMMU _bMMU _cMMU _deng |
||
| 050 | _aTR267 .K43942 2010 | ||
| 100 |
_akelby Scott _9976 |
||
| 245 |
_aThe digital photography/ _bthe step- by step- secrets for how to make your photos look like the pros'! book/ _cScott kelby |
||
| 260 |
_aUKnown: _bpeachpit ,press, _c2010 |
||
| 300 | _axiiii,1243 p.: | ||
| 500 | _aincludes index. | ||
| 650 |
_aPhotography _9482 |
||
| 942 |
_2lcc _cLOAN LOAN |
||
| 999 |
_c32803 _d32800 |
||